000 00962 a2200217 4500
003 Nust
005 20221228115727.0
010 _a 2003044277
020 _a0072865164
040 _cNust
082 0 0 _a621.395,MAR
100 1 _aMarcovitz, Alan B.
_962534
245 1 0 _aIntroduction to logic design /
_cAlan B. Marcovitz.
250 _a2nd ed.
260 _aBoston :
_bMcGraw-Hill Higher Education,
_cc2005.
300 _axiv, 652 p. :
_bill. ;
_c24 cm. +
_e1 CD-ROM (4 3/4 in.)
505 _aIntroduction (Page-1), Switching algebra and logic circuits (Page-45), The kernaugh Map (Page-129), Function minimization algorithms (Page-211), Larger combinational systems (Page-261), Analysis of sequential systems (Page-363), The design of sequential systems (Page-409), Solving larger sequential problems (Page-485), Simplification of sequential circuits (Page-533).
650 0 _aLogic circuits.
_917982
650 0 _aLogic design.
_917983
942 _2ddc
_cBK
999 _c214251
_d214251